LEADER 00921nam0-2200313---450- 001 990009387080403321 005 20110628113557.0 035 $a000938708 035 $aFED01000938708 035 $a(Aleph)000938708FED01 035 $a000938708 100 $a20110628g19661966km-y0itay50------ba 101 0 $aita 102 $aIT 105 $ay-------001yy 200 1 $aFisiologia e fisiopatologia della respirazione$fGiuseppe Di Maria$fPrefazione del Prof. Attilio Omodei Zorini 210 $aNapoli$cIdelson$d1966- 215 $av.$d24 cm 610 0 $aRespirazione 676 $a612.2$v16$zita 700 1$aDi Maria,$bGiuseppe$f<1913- >$0511665 702 1$aOmodei-Zorini,$bAttilio 801 0$aIT$bUNINA$gRICA$2UNIMARC 901 $aBK 912 $a990009387080403321 952 $aIV C 34$bs.i.$fDMVSF 959 $aDMVSF 996 $aFisiologia e fisiopatologia della respirazione$9764445 997 $aUNINA LEADER 01806oam 2200553 a 450 001 9910701567703321 005 20141015110938.0 035 $a(CKB)5470000002419409 035 $a(OCoLC)780589210 035 $a(EXLCZ)995470000002419409 100 $a20120320d2012 ua 0 101 0 $aeng 135 $aurbn||||a|||| 181 $ctxt$2rdacontent 182 $cc$2rdamedia 183 $acr$2rdacarrier 200 10$aCredit unions$b[electronic resource] $emember business lending : hearing before the Committee on Banking, Housing, and Urban Affairs, United States Senate, One Hundred Twelfth Congress, first session ... June 16, 2011 210 1$aWashington :$cU.S. G.P.O.,$d2012. 215 $a1 online resource (iii, 99 pages) $cillustrations 225 1 $aS. hrg. ;$v112-176 300 $aTitle from title screen (viewed on Mar. 20, 2012). 300 $aPaper version available for sale by the Supt. of Docs., U.S. G.P.O. 320 $aIncludes bibliographical references. 517 $aCredit unions 606 $aCredit unions$zUnited States 606 $aCommercial loans$zUnited States 606 $aSmall business$zUnited States$xFinance 606 $aCommercial loans$2fast 606 $aCredit unions$2fast 606 $aSmall business$xFinance$2fast 607 $aUnited States$2fast 615 0$aCredit unions 615 0$aCommercial loans 615 0$aSmall business$xFinance. 615 7$aCommercial loans. 615 7$aCredit unions. 615 7$aSmall business$xFinance. 801 0$bGPO 801 1$bGPO 801 2$bGPO 801 2$bSEN 801 2$bOCLCQ 801 2$bOCLCF 801 2$bOCLCO 801 2$bGPO 906 $aBOOK 912 $a9910701567703321 996 $aCredit unions$93426855 997 $aUNINA